Biometeorological methods
Saved in:
| Main Author: | |
|---|---|
| Format: | Book |
| Language: | English |
| Published: |
New York :
Academic,
1970
|
| Series: | Environmental sciences
|
| Subjects: | |
| Tags: |
Add Tag
No Tags, Be the first to tag this record!
|
MARC
| LEADER | 00000nam a2200000 i 4500 | ||
|---|---|---|---|
| 001 | 1/60345 | ||
| 008 | 961216s1970 eng d | ||
| 020 | |a 0-12-510256-9 | ||
| 035 | |l 10000661 | ||
| 040 | |a GR-MY-UA |b gre |e aacr | ||
| 041 | 0 | |a eng | |
| 082 | 0 | |a 574.542 | |
| 100 | 1 | |a Munn, R. E. | |
| 245 | 1 | 0 | |a Biometeorological methods / |c R. E. Munn |
| 260 | |a New York : |b Academic, |c 1970 | ||
| 300 | |a 336 p. | ||
| 490 | 1 | |a Environmental sciences | |
| 504 | |a Includes bibliographical references and index | ||
| 650 | 0 | 0 | |a Bioclimatology. |
| 830 | 0 | |a Environmental sciences | |
| 852 | |a INST |b LESVOS |e 19961216 |h 574.542 MUN |p 005100008772 |q 005100008772 |t BK |y 0 | ||
| 909 | |a Λ |b 00954 | ||